000 00423nam a2200133 4500
999 _c512310
_d512310
008 191118b ||||| |||| 00| 0 eng d
100 _aSivaram, Sushil
_913421
245 _aLiterature festivals: Institutions, crisis and talk-culture
260 _bEconomic and Political Weekly
300 _a54(40), 05 Oct, 2019: p.35-42.
773 _aEconomic and Political Weekly
906 _aLiterature - India
942 _2ddc
_cAR